[Event "GER-chT Lands U20"]
[Site "Wuerzburg"]
[Date "2019.10.02"]
[Round "2.3"]
[White "Roncea, Andrea Alexandra"]
[Black "Prinzen, Siri Marleen"]
[Result "1-0"]
[WhiteElo "1590"]
[BlackElo "1520"]
[PlyCount "111"]
[EventDate "2019.10.01"]
[EventType "team-swiss"]
[EventRounds "7"]
[EventCountry "GER"]
[SourceTitle "EXT 2020"]
[Source "ChessBase"]
[SourceDate "2019.10.17"]
[SourceVersion "1"]
[SourceVersionDate "2019.10.17"]
[SourceQuality "1"]
[WhiteTeam "Niedersachsen"]
[BlackTeam "Bayern"]
[WhiteTeamCountry "GER"]
[BlackTeamCountry "GER"]

1. e4 c6 2. d4 d5 3. exd5 cxd5 4. Bd3 Nc6 5. c3 Nf6 6. Bf4 Bg4 7. Qb3 Qd7 8. Nd2 e6 9. Ngf3 Bxf3 10. Nxf3 Bd6 11. Bxd6 Qxd6 12. 0-0 0-0 13. Rae1 Qc7 14. Ne5 Nxe5 15. dxe5 Nd7 16. f4 Qb6+ 17. Qxb6 Nxb6 18. Rd1 Rac8 19. Rf2 f5 20. g3 Nc4 21. Bxc4 Rxc4 22. Rfd2 Rfc8 23. Rd4 Kf8 24. Kf2 Ke7 25. Ke3 Kd7 26. Rxc4 Rxc4 27. Rg1 g6 28. g4 b6 29. gxf5 exf5 30. Rd1 Ke6 31. h4 Rc7 32. Rg1 Re7 33. Kd4 Rc7 34. Rg5 Rc4+ 35. Ke3 Rc8 36. h5 Rg8 37. Kd4 Rg7 38. hxg6 Rxg6 39. Rh5 h6 40. a3 a6 41. b3 a5 42. a4 Ke7 43. Rxf5 Ke6 44. Rh5 Ke7 45. Kxd5 Rg8 46. Rxh6 Rd8+ 47. Rd6 Rxd6+ 48. exd6+ Kd7 49. f5 b5 50. axb5 a4 51. bxa4 Kc8 52. Kc6 Kb8 53. d7 Ka7 54. b6+ Ka6 55. d8Q Ka5 56. Qa8# 1-0

[Event "GER-ch U12 Girls"]
[Site "Willingen"]
[Date "2019.06.15"]
[Round "9"]
[White "Prinzen, Siri Marleen"]
[Black "Fischer, Darja"]
[Result "1-0"]
[WhiteElo "1505"]
[BlackElo "1480"]
[PlyCount "99"]
[EventDate "2019.06.08"]
[EventType "swiss"]
[EventRounds "9"]
[EventCountry "GER"]
[SourceTitle "CBM 191 Extra"]
[Source "ChessBase"]
[SourceDate "2019.09.30"]
[SourceVersion "1"]
[SourceVersionDate "2019.09.30"]
[SourceQuality "1"]

1. e4 c6 2. d4 d5 3. e5 Bf5 4. h4 h6 5. g4 Bg6 6. h5 Bh7 7. e6 fxe6 8. Bd3 Bxd3 9. Qxd3 Qd6 10. Qg6+ Kd8 11. Nf3 Nd7 12. g5 e5 13. gxh6 Qxg6 14. hxg6 Nxh6 15. dxe5 e6 16. Bf4 Be7 17. Nd4 Nb6 18. Nxe6+ Kd7 19. Nxg7 Rag8 20. Rxh6 Rxh6 21. Bxh6 Bf8 22. e6+ Kd6 23. e7 Kxe7 24. Nf5+ Kf6 25. Bxf8 Rxf8 26. g7 Re8+ 27. Ne3 d4 28. g8Q Rxg8 29. Nd1 Kf5 30. c3 c5 31. cxd4 cxd4 32. Kd2 Ke4 33. Na3 d3 34. Nc3+ Kd4 35. Nab5+ Kc4 36. Nxa7 Rf8 37. Rf1 Rf3 38. Nab5 Nc8 39. Nc7 Nd6 40. N7d5 Kd4 41. Ne3 b5 42. b4 Nc4+ 43. Nxc4 Kxc4 44. a3 Kb3 45. Nxb5 Kc4 46. a4 Kxb4 47. Nd4 Rh3 48. f3 Kxa4 49. Kxd3 Kb4 50. Rc1 1-0

[Event "GER-ch U12 Girls"]
[Site "Willingen"]
[Date "2019.06.14"]
[Round "8"]
[White "Prinzen, Siri Marleen"]
[Black "Voigt, Anastasia"]
[Result "1-0"]
[WhiteElo "1505"]
[BlackElo "1447"]
[PlyCount "63"]
[EventDate "2019.06.08"]
[EventType "swiss"]
[EventRounds "9"]
[EventCountry "GER"]
[SourceTitle "CBM 191 Extra"]
[Source "ChessBase"]
[SourceDate "2019.09.30"]
[SourceVersion "1"]
[SourceVersionDate "2019.09.30"]
[SourceQuality "1"]

1. e4 e5 2. Nf3 Nc6 3. Bc4 Bc5 4. c3 Nf6 5. d3 d6 6. h3 a6 7. Bb3 Ba7 8. Nbd2 Be6 9. 0-0 h6 10. Re1 Qd7 11. Bxe6 fxe6 12. Nf1 0-0-0 13. Be3 g5 14. Bxa7 Nxa7 15. d4 Qg7 16. Qb3 Rde8 17. dxe5 dxe5 18. Nxe5 Nh5 19. Nd3 b6 20. Qc4 Kb7 21. e5 Rhg8 22. Qe4+ Kb8 23. Nb4 c6 24. Nxa6+ Kb7 25. Nb4 Nf4 26. Nd3 Nxh3+ 27. gxh3 h5 28. Ng3 Qf7 29. Re3 Rg7 30. Rf3 Qg8 31. Nxh5 g4 32. Rg3 1-0